Informe final de la evaluación a colegios en concesión: Memoria técnica del proceso y análisis de los resultados de la evaluación colegios en concesión- Fase IV
Uloženo v:
| Korporativní autor: | |
|---|---|
| Další autoři: | , |
| Médium: | Kniha |
| Jazyk: | Spanish |
| Vydáno: |
Bogotá (Colombia):
Alcaldía Mayor de Bogotá, Instituto para la Investigación Educativa y el Desarrollo Pedagógico IDEP,
2011
|
| Témata: | |
| On-line přístup: | Enlace del recurso |
| Tagy: |
Přidat tag
Žádné tagy, Buďte první, kdo vytvoří štítek k tomuto záznamu!
|
MARC
| LEADER | 00000nam a22000007a 4500 | ||
|---|---|---|---|
| 003 | OSt | ||
| 005 | 20170831165430.0 | ||
| 008 | 170831b2011 ck ||||| |||| 00| 0 spa d | ||
| 040 | |c CNA-IDEP | ||
| 082 | |a 371.2 |b I577i1 | ||
| 110 | |a Instituto para la Investigación Educativa y el Desarollo Pedagógico IDEP, |9 4168 | ||
| 245 | 1 | 0 | |a Informe final de la evaluación a colegios en concesión: |b Memoria técnica del proceso y análisis de los resultados de la evaluación colegios en concesión- Fase IV |c Instituto para la Investigación Educativa y el Desarrollo Pedagógico IDEP |
| 260 | |a Bogotá (Colombia): |b Alcaldía Mayor de Bogotá, |b Instituto para la Investigación Educativa y el Desarrollo Pedagógico IDEP, |c 2011 | ||
| 300 | |a 92 p. |b Tablas, Gráficos | ||
| 650 | |a Evaluación |x Colegios |x Acuerdos colectivos |9 4169 | ||
| 650 | |a Administración Escolar |x Colegios |x Acuerdos colectivos |9 4170 | ||
| 650 | |a Evaluación Educativa |x Colegios |y Acuerdos colectivos |9 4171 | ||
| 700 | |a Yadira Pérez |e Compiladora |9 4172 | ||
| 700 | |a Carlos Marín |e Compilador |9 4173 | ||
| 942 | |2 ddc |c BK | ||
| 999 | |c 5399 |d 5399 | ||
| 856 | |u https://catalogo.idep.edu.co/cgi-bin/koha/opac-detail.pl?biblionumber=5399 |z Enlace del recurso | ||